| 000 | nam a22 7a 4500 | ||
|---|---|---|---|
| 999 |
_c3730 _d3730 |
||
| 005 | 20170523160813.0 | ||
| 008 | 170523b1998 enk||||| |||| 00| 0 eng d | ||
| 020 |
_a1855733196 : _c£140.00 |
||
| 020 | _a0849338816 (CRC) | ||
| 040 | _aAKMAL | ||
| 082 | _a677 HEA | ||
| 090 |
_a677 _bHEA |
||
| 100 | 1 |
_aHearle, J. W. S. _d1925- _97380 |
|
| 245 | 1 | 0 |
_aAtlas of fibre fracture and damage to textiles / _cHearle, J. W. S. |
| 250 |
_a2nd ed. / _bJ.W.S. Hearle, B. Lomas, W.D. Cooke. |
||
| 260 |
_aBoca Raton : _aCambridge : _bCRC ; _bWoodhead, _c1998 |
||
| 300 |
_a468p. : _b ill. ; _c31 cm |
||
| 500 | _a Previous ed.: published as Fibre failure and wear of materials / by J.W.S. Hearle...[et al.]. Chichester? : Ellis Horwood, 1989. | ||
| 500 | _aBibliography; p458-465. _ Includes index. | ||
| 500 | _aPublished in association with The Textile Institute. | ||
| 650 | 0 |
_aTextile fibers. _97330 |
|
| 650 | 0 |
_aTextile fabrics. _97362 |
|
| 700 | 1 |
_aLomas, B. _q(Brenda). _97381 |
|
| 700 | 1 |
_a Cooke, W. D. _q(William D.). _97382 |
|
| 710 | 2 |
_aTextile Institute (Manchester, England) _97337 |
|
| 942 |
_2ddc _cBOOK |
||